000 00431nam a2200181Ia 4500
001 13066
005 20260306163026.0
008 260306t2007||||xx |||||||||||||| ||spa||
041 _aESP
082 _aRD 700.3
_bF137
100 _aM.ª Faerna, José
_eAUT
245 0 _aConceptos fundamentales de arte
260 _c2007
300 _a203 páginas :
_c17 cm.
650 _aGEN
654 _aCAU
942 _cLIB
_dJUS
_fJUS
_2ddc
_n
999 _c13066
_d13066